| 000 | 00719nam a2200205 a 4500 | ||
|---|---|---|---|
| 001 | 4210 | ||
| 003 | CDMR | ||
| 005 | 20130521174509.0 | ||
| 008 | 130130s1996||||||||||||||||||||||||||||d | ||
| 020 | _a8439339828 | ||
| 040 |
_aCDMR _bcat _cCPC GIRONA |
||
| 111 | 2 |
_9403 _aConverses a la Pedrera _cBarcelona _d1995 _n6es |
|
| 245 | 1 | 0 |
_aCinema i televisió _b: rivalitat i complementarietat _cponent: Romà Gubern ; participants: Víctor M. Amela ... [et al.] ; moderador: Manuel Parés i Maicas |
| 260 |
_c1996 _bGeneralitat de Catalunya _aBarcelona |
||
| 300 | _a94 p. | ||
| 490 | 0 |
_aMonografies i Documents _v14 |
|
| 650 | 0 | 4 |
_93479 _aCinematografia i televisió _xCongressos |
| 700 | 1 |
_9389 _aGubern, Romà |
|
| 942 |
_cMON _2ddc |
||
| 999 |
_c4210 _d4210 |
||